SHIVERS (Record no. 1726)
[ view plain ]
| 000 -LEADER | |
|---|---|
| fixed length control field | 00371nam a22001577a 4500 |
| 020 ## - INTERNATIONAL STANDARD BOOK NUMBER | |
| ISBN | 0-7105-1084-5 |
| 082 ## - DEWEY DECIMAL CLASSIFICATION NUMBER | |
| Classification number | 823 |
| Item number | SPE/O |
| 100 ## - MAIN ENTRY--AUTHOR NAME | |
| Personal name | SPENSER, M.D |
| 245 ## - TITLE STATEMENT | |
| Title | SHIVERS |
| Remainder of title | SHORT STORY |
| 246 ## - VARYING FORM OF TITLE | |
| Title proper/short title | ONE FOOT IN THE GRACE |
| Remainder of title | SHORT STORY |
| 260 ## - PUBLICATION, DISTRIBUTION, ETC. (IMPRINT) | |
| Place of publication | ENGLAND |
| Name of publisher | PETER HADDOCK LTD |
| Year of publication | 1998 |
| 300 ## - PHYSICAL DESCRIPTION | |
| Number of Pages | 124 |
| 520 ## - SUMMARY, ETC. | |
| Summary, etc | SHORT STORY |
| 650 ## - SUBJECT ADDED ENTRY--TOPICAL TERM | |
| Topical Term | SHORT STORY |
| 942 ## - ADDED ENTRY ELEMENTS (KOHA) | |
| Koha item type | Books |
| Withdrawn status | Lost status | Collection code | Home library | Current library | Shelving location | Date acquired | Source of acquisition | Cost, normal purchase price | Full call number | Accession Number | Koha item type |
|---|---|---|---|---|---|---|---|---|---|---|---|
| Fiction | Main Library | Main Library | SHELF 4-A GOOSEBUMPS | 08/11/2013 | Purchase | 330.00 | 823 SPE/O | 01587 | Books | ||
| Withdrawn | Main Library | Main Library | 13/09/2023 | 823 SPE/O | 08145 | Books | |||||
| Fiction | Main Library | Main Library | SHELF 4-A GOOSEBUMPS | 17/10/2011 | Purchase | 823 SPE/O | 05645 | Books | |||
| Fiction | Main Library | Main Library | SHELF 4-A GOOSEBUMPS | 29/01/2019 | Purchase | 330.00 | 823 SPE/O | 10782 | Books | ||
| Missing | Fiction | Main Library | Main Library | SHELF 4-A GOOSEBUMPS | 22/03/2014 | 60.00 | 823 SPE/O | 08120 | Books |